| 000 | 00000nas 2200000za 4500 |
| 001 | 9.814495 |
| 003 | CaOODSP |
| 005 | 20240228150754 |
| 007 | cr ||||||||||| |
| 008 | 160406d20142016onc|| m o f0 b0fre|d |
| 040 | |aCaOODSP|bfre |
| 043 | |an-cn--- |
| 086 | 1 |aEm11-1F-PDF |
| 245 | 00|aProgramme nouveaux horizons pour les aînés, fiche d'information. |
| 264 | 1|a[Ottawa] : |bEmploi et Développement social Canada, |c[2014]-[2016] |
| 362 | 1 |ano. 1 [2014]-no. 8 [2016] |
| 500 | |aPubli. aussi en anglais sous le titre : New Horizons for Seniors Program, fact sheet series. |
| 692 | 07|2gccst|aAînés |
| 692 | 07|2gccst|aInformation |
| 710 | 1 |aCanada. |bEmploi et développement social Canada. |
| 775 | 08|tNew Horizons for Seniors Program fact sheet series.|w(CaOODSP)9.814492 |